La seguridad social del emigrante: ponencia presentada al II Congreso de la Emigración Española a Ultramar
Furkejuvvon:
| Váldodahkki: | |
|---|---|
| Materiálatiipa: | Girji |
| Giella: | espánnjágiella |
| Almmustuhtton: |
Madrid
Ministerio de Trabajo. Secretaría General Técnica
1959
|
| Fáttát: | |
| Fáddágilkorat: |
Lasit fáddágilkoriid
Eai fáddágilkorat, Lasit vuosttaš fáddágilkora!
|
MARC
| LEADER | 00000nam a2200000 a 4500 | ||
|---|---|---|---|
| 001 | UCS2314 | ||
| 003 | CL-VaPUC | ||
| 008 | 970523e19590000SP |||||||||||||||||spa|d | ||
| 082 | 0 | 4 | |a 344.02 |b LAB |2 21 |
| 100 | 0 | |a Labadie Otermín, Francisco |e author |9 387617 | |
| 245 | 1 | 3 | |a La seguridad social del emigrante: ponencia presentada al II Congreso de la Emigración Española a Ultramar |
| 300 | |a 92 p | ||
| 942 | |c BK | ||
| 945 | |d 19970523 00:00:00 |a cmena | ||
| 260 | |a Madrid |b Ministerio de Trabajo. Secretaría General Técnica |c 1959 | ||
| 650 | 0 | |a Seguridad social |9 255322 | |
| 650 | 0 | |a Derecho internacional |9 255637 | |
| 650 | 0 | |a Derecho privado |9 258243 | |
| 650 | 7 | |a PENSIONES |2 CL-VaPUC |9 323807 | |
| 650 | 0 | |a Trabajadores |9 260887 | |
| 650 | 7 | |a DERECHO LABORAL |2 CL-VaPUC |9 15 | |
| 650 | 0 | |a Extranjeros |9 358057 | |
| 583 | |a last modification |c 20170712 03:53:18 |k Rodrigo Vera | ||
| 999 | |c 260286 |d 260284 | ||
| 952 | |0 0 |1 0 |2 ddc |4 0 |6 344_020000000000000_LAB_1959 |7 0 |8 A |9 286249 |a BIBDER |b BIBDER |d 2019-11-19 |i 1860410 |o 344.02 LAB 1959 |p 1860410 |r 2023-01-25 |w 2019-11-19 |y MX |k DER | ||